| 000 | 00573nam a22002057a 4500 | ||
|---|---|---|---|
| 003 | OSt | ||
| 005 | 20240618095409.0 | ||
| 008 | 240618b |||||||| |||| 00| 0 eng d | ||
| 020 | _a0340740590 | ||
| 040 | _cmust | ||
| 082 | _a519.5 MIG 1999 | ||
| 100 |
_aMigon,H S _917416 |
||
| 245 |
_aStatistical inference: _bAn integrated Approach/ _cH S Migon and D Gamerman |
||
| 260 |
_aUS: _bOxford University press inc; _cc1999 |
||
| 300 |
_aix,262p.: _bill; _c23cm. |
||
| 504 | _aIncludes Indexes | ||
| 600 | _2Statistics | ||
| 700 |
_aGamerman, D _917417 |
||
| 942 |
_2ddc _cO_SHELF |
||
| 999 |
_c8590 _d8590 |
||